| 000 | 00568nam a2200169 a 4500 | ||
|---|---|---|---|
| 001 | 000043691 | ||
| 005 | 20201002044924.0 | ||
| 008 | 140403s2003 dr ac 000 0 spa d | ||
| 040 |
_aDO-SdBNP _bspa _cBNPHU |
||
| 082 |
_axxx _bE77pe |
||
| 100 | 1 |
_aEspinal, Fulgencio _98374 |
|
| 245 | 1 | 0 |
_aPerredeísmo, catorcismo y constitucionalidad / _cFulgencio Espinal. |
| 260 |
_a[Santo Domingo] : _bImpresora Vidal, _c2003. |
||
| 300 |
_a192 p. : _bil., retrs. ; _c21 cm. |
||
| 500 | _aIncluye datos biográficos del autor en la contracubierta | ||
| 504 | _aBibliografía : p. 192 | ||
| 999 |
_c43180 _d43180 |
||